000 004280000a22001690004500
003 MACL
005 20160108160027.0
008 160108b xxu||||| |||| 00| 0 eng d
040 _aMACL
_cMACL
041 _aEnglish
082 _a916.6/DUB
100 _aDubois, Felix
_929963
245 _aTimbuctoo
_bThe Mysterious
260 _bWilliam Heinemann Ltd
_c1897
_aLondon
650 _aHistory
_929964
942 _cBK
_k916.6/DUB
_2ddc
999 _c37942
_d37942